<?xml version="1.0" encoding="UTF-8"?>
<collection xmlns="http://www.loc.gov/MARC21/slim">
 <record>
  <leader>01439nam a22002057a 4500</leader>
  <controlfield tag="001">NCT_4_018523</controlfield>
  <controlfield tag="008">250510b        xxu||||| |||| 00| 0 vie d</controlfield>
  <datafield tag="999" ind1=" " ind2=" ">
   <subfield code="c">8894</subfield>
   <subfield code="d">8894</subfield>
  </datafield>
  <datafield tag="020" ind1=" " ind2=" ">
   <subfield code="a">9786043281453</subfield>
   <subfield code="c">66000</subfield>
  </datafield>
  <datafield tag="082" ind1="0" ind2="4">
   <subfield code="2">23rd ed.</subfield>
   <subfield code="a">395.14409597</subfield>
   <subfield code="b">Th108</subfield>
  </datafield>
  <datafield tag="245" ind1="0" ind2="0">
   <subfield code="a">Nghi lễ và tập tục người Việt với phụ nữ</subfield>
   <subfield code="c">Phạm Minh Thảo (biên soạn)</subfield>
  </datafield>
  <datafield tag="260" ind1=" " ind2=" ">
   <subfield code="a">H.</subfield>
   <subfield code="b">Hồng Đức </subfield>
   <subfield code="c">2024</subfield>
  </datafield>
  <datafield tag="300" ind1=" " ind2=" ">
   <subfield code="a">132 tr.</subfield>
   <subfield code="c">21 cm</subfield>
  </datafield>
  <datafield tag="490" ind1=" " ind2=" ">
   <subfield code="a">Tủ sách văn hóa truyền thống</subfield>
  </datafield>
  <datafield tag="520" ind1="3" ind2=" ">
   <subfield code="a">Cuốn sách nói về các nghi lễ và tập tục liên quan đến phụ nữ Việt Nam trong các giai đoạn quan trọng của cuộc đời như cưới hỏi, sinh nở và tang ma. Tác phẩm giới thiệu phong tục của nhiều dân tộc như Kinh, Tày, Dao, Mường, Thái, Nùng, Hmông, Sán Dìu, giúp người đọc có cái nhìn toàn diện về vai trò và vị thế của phụ nữ trong đời sống văn hóa - xã hội truyền thống Việt Nam</subfield>
  </datafield>
  <datafield tag="653" ind1=" " ind2=" ">
   <subfield code="a">Quản trị DV Du lịch và Lữ hành</subfield>
  </datafield>
  <datafield tag="700" ind1="1" ind2=" ">
   <subfield code="a">Phạm Minh Thảo</subfield>
   <subfield code="e">Biên soạn</subfield>
  </datafield>
  <datafield tag="942" ind1=" " ind2=" ">
   <subfield code="2">ddc</subfield>
   <subfield code="c">BK</subfield>
  </datafield>
  <datafield tag="952" ind1=" " ind2=" ">
   <subfield code="0">0</subfield>
   <subfield code="1">0</subfield>
   <subfield code="2">ddc</subfield>
   <subfield code="4">0</subfield>
   <subfield code="6">395_144095970000000_TH108</subfield>
   <subfield code="7">0</subfield>
   <subfield code="9">30565</subfield>
   <subfield code="a">000001</subfield>
   <subfield code="b">000001</subfield>
   <subfield code="d">2025-05-10</subfield>
   <subfield code="o">395.14409597 Th108</subfield>
   <subfield code="p">MD.23865</subfield>
   <subfield code="r">2025-05-10</subfield>
   <subfield code="v">66000.00</subfield>
   <subfield code="w">2025-05-10</subfield>
   <subfield code="y">BK</subfield>
  </datafield>
  <datafield tag="980" ind1=" " ind2=" ">
   <subfield code="a">Thư viện Trường Đại học Nam Cần Thơ</subfield>
  </datafield>
 </record>
</collection>
